000 00621nam a22002417a 4500
001 96197
003 UA-OsUOA
005 20220209231344.0
007 ta
008 20130318b un ||||| |||| 00| 0 ukr d
040 _aUA-OsUOA
_brus
_cUA-OsUOA
_dUA-OsUOA
041 _arus
044 _aRU
080 _a821.161.1
090 _a821.161.1
_bК64
100 _aКоновалов Г.
245 _aИстоки
_bроман
260 _aМосква
_bПрофиздат
_c1988
300 _a749 с.
650 7 _a82 Література. Літературознавство
_2UDC
942 _cBK
_2udc
955 _a0
999 _c382446
_d382446